Map showing the rail road and canal lines used in the determination of elevations /
Saved in:
| Main Author: | |
|---|---|
| Corporate Author: | |
| Format: | Map |
| Language: | English |
| Published: |
[Washington, D.C. :
GPO,
1875]
|
| Subjects: | |
| Tags: |
Add Tag
No Tags, Be the first to tag this record!
|
| LEADER | 01466cem a2200289Ia 4500 | ||
|---|---|---|---|
| 001 | 009673545-7 | ||
| 005 | 20051018094313.0 | ||
| 008 | 050517s1875 dcu a f 0 eng d | ||
| 034 | 1 | |a a |b 5300000 |d W1060000 |e W0700000 |f N0400000 |g N0300000 | |
| 035 | 0 | |a ocm60385608 | |
| 040 | |a HLS |c HLS | ||
| 052 | |a 3701 | ||
| 072 | 7 | |a P3 |2 lcg | |
| 090 | |a G3701.P3 1873 |b .G3 | ||
| 100 | 1 | |a Gardiner, James T. |q (James Terry), |d 1842-1912. | |
| 245 | 1 | 0 | |a Map showing the rail road and canal lines used in the determination of elevations / |c by James T. Gardner. |
| 255 | |a Scale [ca. 1:5,300,000] |c (W 106⁰--W 70⁰/N 40⁰--N 30⁰). | ||
| 260 | |a [Washington, D.C. : |b GPO, |c 1875] | ||
| 300 | |a 1 map ; |c 48 x 56 cm. | ||
| 500 | |a Shows places where elevations were measured for Annual report. | ||
| 500 | |a From: Gardiner's The elevations of certain datum-points on the Great Lakes and rivers and in the Rocky Mountains in the Annual report of the United States Geological and Geographical Survey of the Territories for 1873. | ||
| 650 | 0 | |a Railroads |z United States |v Maps. | |
| 650 | 0 | |a Canals |z United States |v Maps. | |
| 710 | 2 | |a Geological and Geographical Survey of the Territories (U.S.). |t Annual report of the United States Geological and Geographical Survey of the Territories. |f 1873. | |
| 700 | 1 | |a Gardiner, James T. |q (James Terry), |d 1842-1912. |t Elevations of certain datum-points on the Great Lakes and rivers and in the Rocky Mountains. | |
| 988 | |a 20050518 | ||
| 906 | |0 MH | ||


